000 00743cam a2200241 a 4500
003 OSt
005 20160224093313.0
008 091026s2011 maua b 001 0 eng
020 _a9780205748006 (pbk. : alk. paper)
020 _a0205748007
040 _aSEKU
050 0 0 _aLB 2395.3
_b.S6 2011
100 1 _aSmith, Brenda D.
245 1 0 _aBridging the gap :
_bcollege reading /
_cBrenda D. Smith, LeeAnn Morris.
250 _a10th ed., student ed.
260 _aBoston :
_bLongman,
_cc2011.
300 _axxvi, 614 p. :
_bill. (chiefly col.) ;
_c26 cm.
504 _aIncludes bibliographical references and index.
650 0 _aReading (Higher education)
650 0 _aStudy skills.
700 1 _aMorris, LeeAnn.
942 _2lcc
_cGEN
999 _c11396
_d11396